| 000 | 00841cam a22002411i 4500 | ||
|---|---|---|---|
| 003 | SA-RiAUC | ||
| 005 | 20250627154715.0 | ||
| 008 | 250626s2002 ua g 000u0 ara c | ||
| 040 |
_aSA-JeALM _bara _cSA-RiAUC _erda |
||
| 082 | 0 | 4 | _a214.389 |
| 090 |
_a214.389 _bج م ع |
||
| 100 | 1 |
_aجمعة، علي، _d1952- _eمؤلف. |
|
| 245 | 1 | 2 |
_aالمكاييل والموازين الشرعية / _cعلي جمعة. |
| 250 | _aالطبعة الاولى. | ||
| 264 | 1 |
_aالقاهرة : _bدار الرسالة، _c2002 |
|
| 300 |
_a94 صفحة _c18 سم. |
||
| 336 |
_aنص _btxt _2rdacontent _3كتاب |
||
| 337 |
_aبدون وسيط _bn _2rdamedia |
||
| 338 |
_aمجلد _bnc _2rdacarrier |
||
| 650 | 7 |
_aالموازين والمقاييس (فقه إسلامي) _2aucsh |
|
| 942 |
_2ddc _cBOOK _n0 |
||
| 949 |
_aSA-JeALM _d250626 _uosman123 _n1 |
||
| 999 |
_c9247 _d9247 |
||